000
00263nam a2200109Ia 4500
008
220120s9999||||xx |||||||||||||| ||und||
020
_a
0-15-205016-7
082
_a
005.1 BAN
100
_a
Banerjee, Avik
245
0
_a
Sprite of C and data structures
300
_b
0
999
_c
136402
_d
136402